LIBRARY & INFORMATION CENTRE, KCAET, TAVANUR

ONLINE PUBLIC ACCESS CATALOGUE (OPAC)

Normal view MARC view
  • Robertson, Gordon L.

Entry Personal Name

Number of records used in: 1

001 - CONTROL NUMBER

  • control field: 2928

003 - CONTROL NUMBER IDENTIFIER

  • control field: OSt

005 - DATE AND TIME OF LATEST TRANSACTION

  • control field: 20180227115827.0

008 - FIXED-LENGTH DATA ELEMENTS

  • fixed length control field: 180227|| aca||aabn | a|a d

040 ## - CATALOGING SOURCE

  • Original cataloging agency: OSt
  • Transcribing agency: OSt

100 ## - HEADING--PERSONAL NAME

  • Personal name: Robertson, Gordon L.

670 ## - SOURCE DATA FOUND

  • Source citation: Work cat.: (OSt): Robertson, Gordon L., Food Packaging: Principles and Practice , 2017
free website counter